书目信息 |
| 题名: |
自由竞争与秩序调控 : 经济法的基础建构与原理阐析
|
|
| 作者: | 邱本 著 | |
| 分册: | ||
| 出版信息: | 北京 中国政法大学出版社 2001.09 |
|
| 页数: | 434页 | |
| 开本: | 21cm | |
| 丛书名: | ||
| 单 册: | ||
| 中图分类: | D912.290.1 | |
| 科图分类: | ||
| 主题词: | 法学--部门 | |
| 电子资源: | ||
| ISBN: | 7-5620-2084-1 | |
| 000 | 00661nam0 2200193 450 | |
| 001 | 1556952584 | |
| 005 | 20151218155047.52 | |
| 010 | @a7-5620-2084-1@dCNY25.00 | |
| 100 | @a20151218d2001 km y0chiy0120 ea | |
| 101 | 0 | @achi |
| 102 | @aCN@b110000 | |
| 200 | 1 | @a自由竞争与秩序调控 : 经济法的基础建构与原理阐析@Azi you jing zheng yu zhi xu tiao kong:jing ji fa de ji chu jian gou yu yuan li chan xi@f邱本著@Fqiu ben zhu |
| 210 | @a北京@c中国政法大学出版社@d2001.09 | |
| 215 | @a434页@d21cm | |
| 606 | 0 | @a法学@x部门 |
| 690 | @aD912.290.1@v4 | |
| 701 | 0 | @a邱本@Aqiu ben@4著 |
| 801 | 0 | @aCN@b大连网信软件有限公司图书馆·11@c20151218 |
| 905 | @aZUCC@dD912.290.1@eQ715 | |
| 自由竞争与秩序调控 : 经济法的基础建构与原理阐析/邱本著.-北京:中国政法大学出版社,2001.09 |
| 434页;21cm |
| ISBN 7-5620-2084-1:CNY25.00 |
| ● |
| 相关链接 |
|
|
|
正题名:自由竞争与秩序调控 : 经济法的基础建构与
索取号:D912.290.1/Q715
 
预约/预借
| 序号 | 登录号 | 条形码 | 馆藏地/架位号 | 状态 | 备注 |
| 1 | 1235238 | 212352381 | 法学院资料室/ [索取号:D912.290.1/Q715] | 在馆 |